00470 a2200133 4500020001500000040001300015082001300028100002400041245009300065260005100158300003500209500005000244650004200294 a 817394971 aDLCbDLC a621.3822 aNaidu, Prabhakar S. aModern Digital Signal Processing: An Introductionc An IntroductionhPrabhakar S, Naidu. aNew Delhi :bNarosa Publishing Houses,c 2003. axvi, 406 p. :bill. ;c 24 cm. aIncludes bibliographical references and index aSignal Processing--Digital techniques